000 00263nam a22001217a 4500
008 170204b xxu||||| |||| 00| 0 srb d
041 _asrb
080 _a61
100 _a3
101 _aSHM
245 _aTEMELJI MORFOLOGIJE MOZGA
_cNEMANIC, J.K
942 _2udc
_cBK
999 _c4616
_d4616